[Event "Lansing (MI Op/5/10)"]
[Site "?"]
[Date "1996.??.??"]
[Round "?"]
[White "Ciaffone, Bob"]
[Black "Walker, Douglas"]
[Result "1-0"]
[WhiteElo "2240"]
[BlackElo "1935"]
[PlyCount "145"]
[EventDate "1996.??.??"]

{5/(10)} 1. Nf3 Nf6 2. c4 g6 3. Nc3 Bg7 4. e4 d6 5. Be2 O-O 6. d4 e5 7. O-O Nc6
8. d5 Ne7 9. b4 Nd7 10. Nd2 f5 11. f3 f4 12. c5 Nf6 13. Nc4 g5 14. Ba3 a6 15.
cxd6 cxd6 16. b5 Ne8 17. bxa6 bxa6 18. Qb3 Rf6 19. Qb6 Qxb6+ 20. Nxb6 Ra7 21.
Rfc1 Bd7 22. Nxd7 Rxd7 23. Na4 Ra7 24. Rab1 Bf8 25. Rb8 Nc7 26. Nb6 Nb5 27. Bb4
Nd4 28. Kf2 a5 29. Ba3 Kg7 30. Nc8 Nxc8 31. Rcxc8 Nxe2 32. Kxe2 h5 33. Ra8 Raf7
34. Rxa5 g4 35. Ra6 h4 36. Rcc6 h3 37. gxh3 g3 38. hxg3 fxg3 39. Rc3 Rh6 40.
Kf1 Rxh3 41. Kg2 Rh2+ 42. Kxg3 Rxa2 43. Rb3 Rf6 44. Rb2 Rg6+ 45. Kf2 Ra1 46.
Rc2 Rag1 47. Rc1 R1g2+ 48. Ke3 Kf6 49. Rf1 Bh6+ 50. Kd3 Rd2+ 51. Kc4 Ke7 52.
Kb5 Kd7 53. Rc1 Ra2 54. Rac6 Ke7 55. Rc7+ Ke8 56. Rc8+ Kf7 57. R1c7+ Kf6 58.
Bxd6 Rb2+ 59. Bb4 Rg1 60. Rc6+ Kg7 61. R8c7+ Kg8 62. Rxh6 Rgb1 63. Rg6+ Kh8 64.
Rc4 Rb3 65. Rf6 Kg7 66. Rf5 Rf1 67. Rxe5 Rfxf3 68. Rc7+ Kf6 69. Re6+ Kg5 70.
Rg7+ Kh5 71. Kc4 Rbd3 72. Rg2 Rd1 73. Re8 1-0

[Event "Flint (MI Senior/2/1)"]
[Site "?"]
[Date "1996.??.??"]
[Round "?"]
[White "Ciaffone, Bob"]
[Black "Kung, Fred"]
[Result "1/2-1/2"]
[WhiteElo "2200"]
[BlackElo "1865"]
[PlyCount "127"]
[EventDate "1996.??.??"]

{2/(1)} 1. Nf3 d5 2. c4 e6 3. d4 c5 4. cxd5 exd5 5. g3 Nc6 6. Bg2 Nf6 7. O-O
Be7 8. Nc3 O-O 9. Bg5 cxd4 10. Nxd4 h6 11. Be3 Re8 12. Rc1 Bf8 13. Qa4 Bd7 14.
Qc2 Bg4 15. h3 Be6 16. Rcd1 Qd7 17. Kh2 Na5 18. Bc1 Rac8 19. Qd3 Nc4 20. Nxe6
fxe6 21. e3 Ne5 22. Qb1 Qf7 23. Ne2 Qg6 24. Qxg6 Nxg6 25. Nd4 Bd6 26. Kg1 Be5
27. Bd2 Ne4 28. Bb4 Nf6 29. Rc1 Kf7 30. Rfd1 Ne7 31. Ba3 Rxc1 32. Rxc1 Rc8 33.
Ne2 Rxc1+ 34. Nxc1 Nc6 35. Nd3 Bb8 36. Kf1 Ne8 37. b3 Bd6 38. Bb2 Nf6 39. Ke2
Nd7 40. f4 Nb4 41. Nxb4 Bxb4 42. e4 Nb6 43. Bd4 Bd6 44. Bxb6 axb6 45. exd5 e5
46. Kf3 Kf6 47. Bf1 exf4 48. gxf4 g5 49. fxg5+ hxg5 50. Ke4 Bc5 51. Be2 Ke7 52.
Ke5 Bb4 53. a4 Bc3+ 54. Ke4 Kd6 55. Bg4 Kc7 56. Be6 Kd6 57. Kd3 Bb4 58. Kc4 Bc5
59. Kb5 Be3 60. Bg4 Kc7 61. Be2 Kd6 62. Bf3 Bf2 63. Bg4 Kc7 64. Be6 1/2-1/2

[Event "Lansing (MI Op/4/17)"]
[Site "?"]
[Date "1996.??.??"]
[Round "?"]
[White "Ciaffone, Bob"]
[Black "Golonka, Stan"]
[Result "1-0"]
[WhiteElo "2240"]
[BlackElo "1900"]
[PlyCount "94"]
[EventDate "1996.??.??"]

{4/(17)} 1. Nf3 c5 2. e4 Nc6 3. d4 cxd4 4. Nxd4 e5 5. Nb5 a6 6. Nd6+ Bxd6 7.
Qxd6 Qf6 8. Qd2 Qg6 9. Nc3 Nge7 10. f3 O-O 11. Bc4 b5 12. Bb3 Kh8 13. Qg5 Qd6
14. Bd2 f6 15. Qe3 f5 16. O-O-O f4 17. Qe1 Qc5 18. Nd5 a5 19. Nxe7 Qxe7 20. Bd5
b4 21. Kb1 Rb8 22. Rc1 Qc5 23. c3 Qb6 24. cxb4 axb4 25. Bxc6 dxc6 26. Qg1 Qa6
27. Qf1 Rb5 28. b3 Be6 29. Qd3 Ra8 30. Rc2 c5 31. Rb2 Qb6 32. Rc1 Rd8 33. Qe2
Bc8 34. Be1 Ba6 35. Rd1 Ra5 36. Rxd8+ Qxd8 37. Rd2 Qe7 38. Qd1 Bb5 39. Rd8+ Be8
40. Qd6 Ra7 41. Qxe7 Rxe7 42. Bf2 Kg8 43. Bxc5 Re6 44. Bxb4 Kf7 45. Rd5 Bc6 46.
Rc5 Kf6 47. Bc3 Bb7 1-0

[Event "Detroit (MI Team/2/4/2)"]
[Site "?"]
[Date "1996.??.??"]
[Round "?"]
[White "Chrzan, Bryan"]
[Black "Young, Corneil"]
[Result "1-0"]
[WhiteElo "1605"]
[BlackElo "1605"]
[PlyCount "59"]
[EventDate "1996.??.??"]

{2/4} 1. e4 e5 2. Nf3 Nc6 3. Nc3 Nf6 4. Bc4 Bd6 5. Ng5 Ng8 6. Nxf7 Qf6 7. Nxh8
Bc5 8. O-O Nh6 9. Qh5+ g6 10. Qxh6 Qxh8 11. Nb5 Bb6 12. d3 a6 13. Nc3 Nd4 14.
Be3 Nxc2 15. Rac1 Nxe3 16. fxe3 Bc5 17. Nd5 Bb6 18. Nxb6 cxb6 19. Rf2 d6 20.
Rcf1 Kd7 21. Rf7+ Kc6 22. Rf8 Qxf8 23. Qxf8 b5 24. Qe8+ Kc5 25. Be6 Bxe6 26.
Qxa8 Bg4 27. Qxb7 Be2 28. Rc1+ Kb4 29. Qxa6 Bxd3 30. Qa3# 1-0

[Event "Detroit (WCO/1/21)"]
[Site "?"]
[Date "1996.??.??"]
[Round "?"]
[White "Chrzan, Bryan"]
[Black "Vaughn, Gerald"]
[Result "0-1"]
[WhiteElo "1605"]
[BlackElo "1605"]
[PlyCount "70"]
[EventDate "1996.??.??"]

{1/(21)} 1. e4 c5 2. Nf3 Nc6 3. Nc3 g6 4. Bb5 Bg7 5. b3 Bxc3 6. dxc3 Qa5 7.
Bxc6 bxc6 8. Bb2 Ba6 9. Qd2 Nf6 10. b4 cxb4 11. cxb4 Qc7 12. Bxf6 exf6 13. Qc3
Qd6 14. e5 fxe5 15. Nxe5 O-O 16. Nc4 Qe6+ 17. Ne3 Qd6 18. Nc4 Rfe8+ 19. Ne3 Re4
20. Rb1 Rae8 21. Qc5 Qf6 22. Qxa7 Qc3+ 23. Kd1 Rd4+ 24. Kc1 Qa3+ 25. Rb2 Rxb4
26. Nd1 Reb8 27. Re1 Rxb2 28. Nxb2 Qxb2+ 29. Kd2 Qb4+ 30. c3 Qf4+ 31. Kc2 Qa4+
32. Kc1 Qa3+ 33. Kd2 Qxa2+ 34. Ke3 Re8+ 35. Kd4 Qc4# 0-1

[Event "Detroit (Beg/4/14)"]
[Site "?"]
[Date "1996.??.??"]
[Round "?"]
[White "Chrzan, Bryan"]
[Black "Sherwood, J."]
[Result "0-1"]
[WhiteElo "1605"]
[BlackElo "1605"]
[PlyCount "54"]
[EventDate "1996.??.??"]

{4/(14)} 1. e4 e5 2. Nf3 Nc6 3. Bc4 Bc5 4. d4 d5 5. Bxd5 Bb4+ 6. Nc3 Nf6 7. Ng5
O-O 8. Nxf7 Rxf7 9. Bxf7+ Kxf7 10. O-O Nxd4 11. Bg5 h6 12. Bxf6 Qxf6 13. Nd5
Qd6 14. Qh5+ Kg8 15. c3 Nc2 16. Rac1 a5 17. cxb4 axb4 18. Rxc2 Rxa2 19. Rxc7
Bd7 20. Rd1 Rxb2 21. Ne7+ Qxe7 22. Rdxd7 Rb1+ 23. Rd1 Rxd1+ 24. Qxd1 Qxc7 25.
Qb3+ Kh8 26. Qxb4 Qc1+ 27. Qe1 Qxe1# 0-1

[Event "Detroit (MI Team/1/2/3)"]
[Site "?"]
[Date "1996.??.??"]
[Round "?"]
[White "Chrzan, Bryan"]
[Black "Mankiewicz, Ryan"]
[Result "0-1"]
[WhiteElo "1605"]
[BlackElo "2010"]
[PlyCount "65"]
[EventDate "1996.??.??"]

{1/2} 1. e4 d6 2. d4 Nf6 3. Nc3 g6 4. Bb5+ c6 5. Bd3 Bg7 6. Bg5 Qa5 7. Qd2 O-O
8. Bh6 Nbd7 9. Nf3 e5 10. Bxg7 Kxg7 11. dxe5 Nxe5 12. Nxe5 dxe5 13. O-O Be6 14.
Rfd1 Rfd8 15. Ne2 Qxd2 16. Rxd2 Nxe4 17. Rdd1 Nc5 18. b3 b5 19. c4 Nxd3 20. Rd2
bxc4 21. bxc4 Nf4 22. Rxd8 Nxe2+ 23. Kf1 Rxd8 24. Kxe2 Bxc4+ 25. Ke3 f5 26. f4
Rd3+ 27. Kf2 e4 28. Rc1 e3+ 29. Kf3 e2+ 30. Kxe2 Rc3+ 31. Kd2 Rxc1 32. Kxc1
Bxa2 33. h3 0-1

[Event "Detroit (Beg/2/8)"]
[Site "?"]
[Date "1996.??.??"]
[Round "?"]
[White "Chrzan, Bryan"]
[Black "Knight, E."]
[Result "0-1"]
[WhiteElo "1605"]
[BlackElo "1605"]
[PlyCount "50"]
[EventDate "1996.??.??"]

{2/(8)} 1. e4 e6 2. Nf3 c5 3. d3 Nc6 4. Ng5 Be7 5. h4 h6 6. f4 hxg5 7. fxg5 Qc7
8. Be2 Qg3+ 9. Kf1 Rxh4 10. Rxh4 Qxh4 11. c3 Bxg5 12. Bxg5 Qxg5 13. d4 cxd4 14.
cxd4 Qf4+ 15. Bf3 Nf6 16. Nc3 b6 17. d5 Ne5 18. Ne2 Ba6 19. Ke1 Qe3 20. Rc1
Nxe4 21. Bxe4 Qxe4 22. dxe6 Nd3+ 23. Kf1 fxe6 24. Ng3 Nxc1+ 25. Kg1 Ne2+ 0-1

[Event "Detroit (Beg/1/14)"]
[Site "?"]
[Date "1996.??.??"]
[Round "?"]
[White "Chrzan, Anthony"]
[Black "Sobh, S."]
[Result "0-1"]
[WhiteElo "1605"]
[BlackElo "1605"]
[PlyCount "48"]
[EventDate "1996.??.??"]

{1/(14)} 1. e4 e5 2. Nf3 Nc6 3. Nc3 Bb4 4. Bc4 d6 5. d3 Nf6 6. Bg5 h6 7. Bxf6
Qxf6 8. O-O O-O 9. a3 Ba5 10. Qe2 Bg4 11. h3 Bh5 12. Rae1 Ne7 13. Bd5 c6 14.
Bc4 Ng6 15. Nd5 cxd5 16. Bxd5 Bxe1 17. Rxe1 Nh4 18. Nxh4 Bxe2 19. Rxe2 Qxh4 20.
Bxb7 Rab8 21. Bd5 Rxb2 22. g3 Qxh3 23. a4 Rb1+ 24. Re1 Rxe1# 0-1

[Event "Detroit (WCO/3/29)"]
[Site "?"]
[Date "1996.??.??"]
[Round "?"]
[White "Chrzan, Anthony"]
[Black "Martinez, M."]
[Result "1-0"]
[WhiteElo "1605"]
[BlackElo "1605"]
[PlyCount "107"]
[EventDate "1996.??.??"]

{3/(29)} 1. e4 e5 2. Nf3 Nc6 3. Nc3 Nf6 4. Bc4 Bc5 5. d3 O-O 6. Bg5 Nb4 7. Bd5
h6 8. Bh4 Ng4 9. Bxd8 Nxf2 10. Qd2 Nxh1 11. Bxc7 Bb6 12. Bxe5 Nxd5 13. Nxd5 Nf2
14. h3 Bc5 15. Nc7 Rb8 16. Ne6 fxe6 17. Bxb8 d6 18. e5 d5 19. Bd6 Bb6 20. Bxf8
Kxf8 21. d4 Kg8 22. Qxf2 Ba5+ 23. Nd2 Bxd2+ 24. Qxd2 Kh7 25. O-O-O a6 26. Qa5
Bd7 27. Rf1 Be8 28. Qd8 Bf7 29. Rxf7 b5 30. Qe8 a5 31. Qxe6 Kg8 32. Rb7+ Kh7
33. Rxb5 a4 34. Ra5 Kh8 35. Rxa4 Kh7 36. Qxd5 Kg6 37. e6 Kh7 38. e7 Kh8 39.
e8=B Kh7 40. Ra7 Kh8 41. Rf7 Kh7 42. c4 Kh8 43. c5 Kh7 44. c6 Kh8 45. c7 Kh7
46. c8=N Kh8 47. b4 Kh7 48. b5 Kh8 49. b6 Kh7 50. b7 Kh8 51. b8=B Kh7 52. Ra7
Kh8 53. Qf7 Kh7 54. Qxg7# 1-0

[Event "Detroit (Beg/3/14)"]
[Site "?"]
[Date "1996.??.??"]
[Round "?"]
[White "Chrzan, Anthony"]
[Black "Libby, A."]
[Result "1-0"]
[WhiteElo "1605"]
[BlackElo "1605"]
[PlyCount "77"]
[EventDate "1996.??.??"]

{3/(14)} 1. e4 e5 2. Nf3 Nc6 3. Bc4 Nf6 4. Ng5 Rg8 5. Bxf7+ Ke7 6. Bxg8 Nxg8 7.
Nxh7 Ke8 8. O-O Bb4 9. Qh5+ Ke7 10. d3 Nf6 11. Bg5 Qf8 12. Nxf8 Kxf8 13. Bxf6
gxf6 14. Qh8+ Ke7 15. a3 Bc5 16. Nc3 Nd4 17. Nd5+ Kd6 18. Qxf6+ Ne6 19. Qe7+
Kc6 20. Nb4+ Kb5 21. Qf6 a5 22. a4+ Kb6 23. Nd5+ Kc6 24. c3 Ra6 25. b4 Bf8 26.
b5+ Kc5 27. bxa6 bxa6 28. d4+ Kc4 29. Ne3+ Kb3 30. Rfb1+ Kxc3 31. Qxe5 d6 32.
Qxa5+ Kxd4 33. Qb4+ Ke5 34. Qb8 Bd7 35. Qb2+ Kf4 36. Qf6+ Kxe4 37. Rb4+ Kd3 38.
Rd1+ Ke2 39. Qb2# 1-0

[Event "Detroit (WCO/1/13)"]
[Site "?"]
[Date "1996.??.??"]
[Round "?"]
[White "Chrzan, Anthony"]
[Black "Kinney, G."]
[Result "0-1"]
[WhiteElo "1605"]
[BlackElo "1605"]
[PlyCount "104"]
[EventDate "1996.??.??"]

{1/(13)} 1. e4 c5 2. Nf3 Nc6 3. Nc3 d6 4. d3 Bg4 5. h3 Bd7 6. Be2 g6 7. Be3 Bg7
8. Qd2 Qa5 9. Nd5 Qxd2+ 10. Bxd2 Rc8 11. Bc3 Nd4 12. Nxd4 cxd4 13. Ba5 b6 14.
Bb4 Rxc2 15. Ba3 Nf6 16. Nxf6+ Bxf6 17. Bd1 Rc7 18. O-O O-O 19. Bf3 Be5 20. Be2
Rc2 21. Bd1 Rc7 22. f4 Bg7 23. f5 Bb5 24. Rf3 Rfc8 25. b3 Bh6 26. Be2 Rc2 27.
Kf1 a5 28. Rf2 R2c3 29. fxg6 hxg6 30. Bf3 Bxd3+ 31. Re2 Bxe2+ 32. Bxe2 Bc1 33.
Bxc1 Rxc1+ 34. Rxc1 Rxc1+ 35. Kf2 Rc2 36. Kf1 Rxa2 37. Bc4 e6 38. Kg1 Rc2 39.
Kh2 Rxc4 40. bxc4 a4 41. Kg3 a3 42. Kf4 a2 43. e5 d5 44. cxd5 exd5 45. e6 fxe6
46. Ke5 a1=Q 47. Kxe6 d3 48. Kxd5 d2 49. Kc6 d1=Q 50. Kxb6 Qc3 51. Kb5 Qb1+ 52.
Ka4 Qca1# 0-1

[Event "Ann Arbor (Mini-Swiss/2/2)"]
[Site "?"]
[Date "1996.??.??"]
[Round "?"]
[White "Chobanyan, Sergei"]
[Black "Moody, David"]
[Result "1-0"]
[WhiteElo "2260"]
[BlackElo "2000"]
[PlyCount "63"]
[EventDate "1996.??.??"]

{2/(2)} 1. e4 e5 2. Nf3 Nc6 3. c3 d5 4. Qa4 dxe4 5. Nxe5 Qd5 6. Nxc6 bxc6 7.
Bc4 Qd6 8. O-O Nf6 9. d3 Ng4 10. g3 Ne5 11. dxe4 Qd7 12. Be2 Bc5 13. Bf4 Ng6
14. Rd1 Nxf4 15. Rxd7 Nxe2+ 16. Kf1 Nxg3+ 17. hxg3 Bxd7 18. Na3 Rd8 19. Kg2 O-O
20. b4 Bb6 21. Rd1 f5 22. c4 Bxf2 23. Kxf2 fxe4+ 24. Kg2 e3 25. Qb3 e2 26. Re1
Bg4 27. Nc2 Rf1 28. c5+ Kh8 29. Qe3 Rdf8 30. Rxe2 h5 31. Nd4 Ra1 32. Rf2 1-0

[Event "Ann Arbor (Mini-Swiss/3/1)"]
[Site "?"]
[Date "1996.??.??"]
[Round "?"]
[White "Chobanyan, Sergei"]
[Black "Koster, Ed"]
[Result "1-0"]
[WhiteElo "2260"]
[BlackElo "2150"]
[PlyCount "107"]
[EventDate "1996.??.??"]

{3/(1)} 1. e4 e5 2. Nf3 Nc6 3. Bb5 a6 4. Bxc6 dxc6 5. Nc3 f6 6. d4 exd4 7. Nxd4
c5 8. Nf3 Qxd1+ 9. Nxd1 Be6 10. Ne3 O-O-O 11. Bd2 Ne7 12. O-O-O Nc6 13. Bc3 Bd6
14. Rde1 Rhe8 15. Kb1 Bf4 16. g3 Bxe3 17. Rxe3 Nd4 18. Nd2 b5 19. b3 Kb7 20.
Kc1 Bf7 21. g4 Bg6 22. Rhe1 Rd7 23. f4 Rde7 24. b4 Kb6 25. a3 Nc6 26. bxc5+
Kxc5 27. h4 a5 28. h5 Bf7 29. h6 b4 30. Bb2 gxh6 31. Bxf6 Re6 32. Bb2 Rg6 33.
e5 Rxg4 34. f5 Rf4 35. e6 Bh5 36. f6 Bg6 37. f7 Bxf7 38. exf7 Rxe3 39. Rxe3
Rxf7 40. a4 h5 41. Ne4+ Kc4 42. Nf6 Nd4 43. Bxd4 Kxd4 44. Re4+ Kc5 45. Nxh5 Rf3
46. Kb2 Ra3 47. Re7 c6 48. Rxh7 Rxa4 49. Nf4 Ra3 50. Nd3+ Kb6 51. Rh4 Kb5 52.
Rh5+ Kb6 53. Rg5 a4 54. Rf5 1-0

[Event "Lansing (MOR/5/35)"]
[Site "?"]
[Date "1996.??.??"]
[Round "?"]
[White "Choate, Eric"]
[Black "Serwatowski, Felix"]
[Result "0-1"]
[WhiteElo "1605"]
[BlackElo "1605"]
[PlyCount "80"]
[EventDate "1996.??.??"]

{5/(35)} 1. e4 e5 2. Nf3 Nc6 3. Nc3 Nf6 4. Bc4 Bc5 5. d3 d6 6. O-O O-O 7. Bg5
h6 8. Bxf6 Qxf6 9. Nd5 Qd8 10. c3 Na5 11. b4 Nxc4 12. dxc4 c6 13. Ne3 Bxe3 14.
fxe3 Bg4 15. Qd3 Qc7 16. c5 Rad8 17. Rad1 Rfe8 18. Qc4 Be6 19. cxd6 Rxd6 20.
Qc5 Rxd1 21. Rxd1 Bg4 22. Rd6 Bxf3 23. gxf3 a6 24. a4 Qe7 25. Kf2 Qh4+ 26. Ke2
Qxh2+ 27. Kd3 Qh3 28. b5 Qf1+ 29. Kc2 axb5 30. axb5 Qxb5 31. Qxb5 cxb5 32. Kb3
Re6 33. Rd7 b6 34. Rd5 h5 35. Kc2 h4 36. Rxb5 h3 37. Rb1 Rf6 38. Rf1 h2 39. f4
exf4 40. exf4 Rxf4 0-1

[Event "Lansing (MOR/7/28)"]
[Site "?"]
[Date "1996.??.??"]
[Round "?"]
[White "Choate, Eric"]
[Black "Nixon, Peter"]
[Result "0-1"]
[WhiteElo "1605"]
[BlackElo "1605"]
[PlyCount "120"]
[EventDate "1996.??.??"]

{7/(28)} 1. e4 c5 2. Nc3 Nc6 3. Bc4 e6 4. Nf3 g6 5. d3 Bg7 6. O-O d6 7. a3 Nf6
8. Bg5 O-O 9. Re1 Qc7 10. Nb5 Qd7 11. Rb1 a6 12. Nc3 b5 13. Bb3 Qc7 14. Bf4 e5
15. Be3 Bg4 16. h3 Be6 17. Bxe6 fxe6 18. b4 cxb4 19. axb4 Nxb4 20. Qd2 Nc6 21.
d4 b4 22. Na2 Nxe4 23. Qd3 d5 24. Nxb4 Nxb4 25. Rxb4 Nc3 26. Bd2 e4 27. Qxc3
Qxc3 28. Bxc3 exf3 29. gxf3 Rxf3 30. Bb2 Rf6 31. Rb6 a5 32. Rbxe6 a4 33. Re8+
Rf8 34. Rxa8 Rxa8 35. Ra1 Kf7 36. Kg2 Bf8 37. Ba3 Bxa3 38. Rxa3 Ke6 39. Kf3 Kd6
40. Ke3 Kc6 41. Kd3 Kb5 42. c3 Re8 43. f4 Re1 44. Kd2 Re4 45. Kd3 Rxf4 46. Ke3
Rf1 47. Ke2 Rb1 48. Kd2 Rb3 49. Ra1 a3 50. Kc2 Kc4 51. Ra2 Rxc3+ 52. Kd2 Kxd4
53. Rc2 Rxc2+ 54. Kxc2 Ke3 55. Kb3 d4 56. Kxa3 d3 57. Kb2 d2 58. Kc2 Ke2 59.
Kc3 d1=Q 60. Kc4 Qd3+ 0-1

[Event "Detroit (MI Action/5/22)"]
[Site "?"]
[Date "1996.??.??"]
[Round "?"]
[White "Choate, Eric"]
[Black "McCrandell, James"]
[Result "1-0"]
[WhiteElo "1605"]
[BlackElo "1605"]
[PlyCount "25"]
[EventDate "1996.??.??"]

{5/(22)} 1. e4 e5 2. Nf3 Nc6 3. Bc4 Bc5 4. d3 h6 5. Nc3 g5 6. O-O g4 7. Nd2 Nf6
8. Nb3 Bb6 9. Nd5 Nxd5 10. Bxd5 Nd4 11. Qxg4 d6 12. Qg7 Rg8 13. Qxf7# 1-0

[Event "Detroit (MI Action/3/15)"]
[Site "?"]
[Date "1996.??.??"]
[Round "?"]
[White "Choate, Eric"]
[Black "Frantz, John W"]
[Result "0-1"]
[WhiteElo "1605"]
[BlackElo "1605"]
[PlyCount "64"]
[EventDate "1996.??.??"]

{3/(15)} 1. e4 c5 2. d3 g6 3. Nf3 Bg7 4. Nc3 d6 5. Be3 Bxc3+ 6. bxc3 Nf6 7. d4
b6 8. e5 dxe5 9. Nxe5 O-O 10. Be2 Ne4 11. Qd3 Bb7 12. Bf3 f5 13. O-O Nd7 14.
Nxd7 Qxd7 15. Rab1 e5 16. dxc5 Qxd3 17. cxd3 Nxc3 18. Bxb7 Nxb1 19. Bxa8 Nc3
20. Bc6 Rc8 21. Bd7 Rc7 22. Be8 Kf8 23. Rc1 Ne2+ 24. Kf1 Nxc1 25. Ba4 Nxd3 26.
cxb6 axb6 27. Bxb6 Rb7 28. Be3 Rb1+ 29. Ke2 Nf4+ 30. Kf3 g5 31. g4 e4+ 32. Kg3
Rg1# 0-1

[Event "Detroit (MI Action/1/15)"]
[Site "?"]
[Date "1996.??.??"]
[Round "?"]
[White "Choate, Eric"]
[Black "Aldrich, Justin"]
[Result "0-1"]
[WhiteElo "1605"]
[BlackElo "1605"]
[PlyCount "92"]
[EventDate "1996.??.??"]

{1/(15)} 1. e4 e5 2. Nf3 d6 3. Nc3 Nf6 4. Bc4 Be7 5. d3 h6 6. O-O Bg4 7. h3 Bh5
8. Nd5 Nxd5 9. Bxd5 c6 10. Bc4 O-O 11. b4 Nd7 12. Bb2 Qb6 13. Bc3 Nf6 14. d4
Nxe4 15. Qd3 Nxc3 16. Qxc3 Bxf3 17. Qxf3 Qxb4 18. Qe2 d5 19. Bd3 Qxd4 20. Qf3
e4 21. Bxe4 Qxe4 22. Qxe4 dxe4 23. Rfe1 f5 24. Rab1 b6 25. Red1 Rad8 26. Rxd8
Rxd8 27. Re1 Rd2 28. f3 Bc5+ 29. Kf1 e3 30. c4 Rf2+ 31. Kg1 e2 32. Rxe2 Rxe2+
33. Kf1 Rxa2 34. g4 fxg4 35. hxg4 Kf7 36. f4 Kf6 37. f5 g6 38. fxg6 Kxg6 39.
Ke1 Kg5 40. Kd1 Kf4 41. Kc1 Ke3 42. Kb1 Rg2 43. Kc1 Kd3 44. Kb1 Kc3 45. Ka1 Kb3
46. Kb1 Rg1# 0-1

[Event "Detroit (Class DE/2/15)"]
[Site "?"]
[Date "1996.??.??"]
[Round "?"]
[White "Chia, L."]
[Black "Young, L."]
[Result "1-0"]
[WhiteElo "1605"]
[BlackElo "1605"]
[PlyCount "81"]
[EventDate "1996.??.??"]

{2/(15)} 1. e4 c6 2. d4 d5 3. exd5 cxd5 4. Nf3 Bf5 5. Bd3 Bxd3 6. Qxd3 Qc7 7.
Nc3 g6 8. Nxd5 Qa5+ 9. Nc3 e6 10. a3 Be7 11. O-O Nf6 12. b4 Qc7 13. Bg5 O-O 14.
Ne2 h6 15. Bh4 Re8 16. Rae1 Nbd7 17. Nc3 Rad8 18. d5 g5 19. Bg3 Bd6 20. dxe6
Nf8 21. exf7+ Kxf7 22. Rxe8 Kxe8 23. Re1+ Kf7 24. h4 Bxg3 25. Nxg5+ hxg5 26.
Qxg3 Qxg3 27. fxg3 g4 28. Rf1 Kg6 29. Nd1 Rd2 30. Ne3 Ne6 31. Re1 Nd4 32. c3
Ne2+ 33. Kh2 Nxc3 34. Nc4 Rd3 35. Ne5+ Kh5 36. Nxd3 Nb5 37. a4 Nc3 38. a5 Nce4
39. Nc5 Nc3 40. Nxb7 Nce4 41. Nc5 1-0

[Event "Lansing (MI Op/7/20)"]
[Site "?"]
[Date "1996.??.??"]
[Round "?"]
[White "Chehayeb, Sal"]
[Black "Wisckol, Richard"]
[Result "1-0"]
[WhiteElo "2030"]
[BlackElo "1900"]
[PlyCount "118"]
[EventDate "1996.??.??"]

{7/(20)} 1. e4 c5 2. Nf3 Nc6 3. d4 cxd4 4. Nxd4 g6 5. c4 Bg7 6. Be3 Nf6 7. Nc3
O-O 8. Be2 d6 9. O-O Bd7 10. Kh1 Nxd4 11. Bxd4 Bc6 12. f3 Nd7 13. b4 Bxd4 14.
Qxd4 Qb6 15. Qxb6 Nxb6 16. b5 Bd7 17. a4 Be6 18. Nd5 Bxd5 19. cxd5 Rac8 20. a5
Nd7 21. Rfc1 Nc5 22. Rab1 f6 23. Kg1 g5 24. Kf2 Kg7 25. Ke3 Kf7 26. g3 Rg8 27.
Rc4 Nd7 28. Rbc1 Rxc4 29. Rxc4 Nc5 30. Bf1 Ke8 31. Bh3 Kd8 32. Kd4 h6 33. Be6
Rg7 34. Rc2 Rh7 35. f4 gxf4 36. gxf4 Rg7 37. e5 fxe5+ 38. fxe5 Nxe6+ 39. dxe6
dxe5+ 40. Kc5 Rg6 41. Kd5 e4 42. h4 e3 43. a6 b6 44. Re2 Rg3 45. Kc6 Kc8 46.
Kd5 Rf3 47. Ke4 Rh3 48. Kf5 Rxh4 49. Rxe3 Rh5+ 50. Kg6 Rxb5 51. Kf7 Rg5 52.
Kxe7 Rg7+ 53. Kd6 Kd8 54. Rh3 Rh7 55. Rg3 Rh8 56. Rg7 Kc8 57. Rxa7 Kb8 58. Rb7+
Ka8 59. e7 Rh7 1-0

[Event "Eastpointe (EDO/1/5)"]
[Site "?"]
[Date "1996.??.??"]
[Round "?"]
[White "Chehayeb, Sal"]
[Black "Serwatowski, Felix"]
[Result "1-0"]
[WhiteElo "2030"]
[BlackElo "1605"]
[PlyCount "69"]
[EventDate "1996.??.??"]

{1/(5)} 1. e4 c6 2. d4 d5 3. exd5 cxd5 4. c4 Nf6 5. Nc3 Nc6 6. Nf3 e6 7. c5 Be7
8. Bb5 Bd7 9. O-O O-O 10. Bxc6 Bxc6 11. b4 a6 12. Ne5 Qc7 13. Bf4 Qc8 14. a4
Ne4 15. Rc1 Nxc3 16. Rxc3 f6 17. Nxc6 Qxc6 18. Rg3 Rae8 19. Qg4 Rf7 20. b5 axb5
21. axb5 Qc8 22. Rc1 e5 23. dxe5 fxe5 24. Bxe5 Bxc5 25. Qxc8 Rxc8 26. Bd4 b6
27. Rgc3 Rfc7 28. Be5 Re7 29. Bd6 Bxf2+ 30. Kxf2 Rxc3 31. Rxc3 Re6 32. Rc6 d4
33. Bf4 Rf6 34. Rxf6 gxf6 35. Bc7 1-0

[Event "Eastpointe (EDO/4/3)"]
[Site "?"]
[Date "1996.??.??"]
[Round "?"]
[White "Chehayeb, Sal"]
[Black "Manion, Tom"]
[Result "0-1"]
[WhiteElo "2030"]
[BlackElo "1865"]
[PlyCount "51"]
[EventDate "1996.??.??"]

{4/(3)} 1. e4 e5 2. Nf3 Nc6 3. d4 exd4 4. Bc4 Bc5 5. O-O Nf6 6. e5 Ng4 7. Bxf7+
Kxf7 8. Ng5+ Kg8 9. Qxg4 d6 10. e6 Ne5 11. Qe4 h6 12. Qd5 Qe7 13. Ne4 c6 14.
Qb3 Bxe6 15. Qg3 Bb6 16. Bf4 Bc7 17. Nbd2 Bf5 18. Qb3+ Kh7 19. Ng3 Bc8 20. Rae1
Qf6 21. Bxe5 dxe5 22. f4 exf4 23. Nge4 Qh4 24. Nc5 b6 25. Ne6 Bxe6 26. Rxe6 {
[Remainder illegible; 0-1, 44?]} 0-1

[Event "Lansing (MI Op/1a/15)"]
[Site "?"]
[Date "1996.??.??"]
[Round "?"]
[White "Chehayeb, Sal"]
[Black "Laumer, H."]
[Result "1-0"]
[WhiteElo "2030"]
[BlackElo "1805"]
[PlyCount "83"]
[EventDate "1996.??.??"]

1. e4 Nf6 2. e5 Nd5 3. d4 d6 4. c4 Nb6 5. f4 dxe5 6. fxe5 Nc6 7. Be3 Bf5 8. Nf3
e6 9. Nc3 Bb4 10. a3 Bxc3+ 11. bxc3 O-O 12. Be2 Na5 13. Nd2 Qh4+ 14. Bf2 Qg5
15. O-O Qg6 16. Be3 Bc2 17. Qe1 Bd3 18. Rf3 Naxc4 19. Rg3 Nxe3 20. Rxg6 Bxg6
21. Rc1 Nbd5 22. Bf3 Nc2 23. Qg3 Nxa3 24. c4 Nxc4 25. Nxc4 a5 26. h4 b5 27. Nd2
Ra7 28. h5 Bf5 29. h6 Bg6 30. hxg7 Rb8 31. Ne4 b4 32. Nf6+ Nxf6 33. exf6 b3 34.
Rxc7 b2 35. Rxa7 b1=Q+ 36. Kh2 Qb6 37. Rxa5 Rd8 38. Qe5 h6 39. Rb5 Qa7 40. Rb7
Qa3 41. Rb8 Rxb8 42. Qxb8+ 1-0

[Event "Lansing (MI Op/4/19)"]
[Site "?"]
[Date "1996.??.??"]
[Round "?"]
[White "Chehayeb, Sal"]
[Black "Hartwig, Thomas"]
[Result "0-1"]
[WhiteElo "2030"]
[BlackElo "1870"]
[PlyCount "62"]
[EventDate "1996.??.??"]

{4/(19)} 1. e4 c5 2. Nf3 d6 3. d4 cxd4 4. Nxd4 Nf6 5. Nc3 g6 6. Be3 Bg7 7. f3
O-O 8. Qd2 Nc6 9. O-O-O d5 10. exd5 Nxd5 11. Nxc6 bxc6 12. Nxd5 cxd5 13. Qxd5
Qc7 14. Qxa8 Bf5 15. Qxf8+ Kxf8 16. Bd3 Qe5 17. Bxf5 Qxb2+ 18. Kd2 gxf5 19. Ke2
Qxc2+ 20. Rd2 Qc4+ 21. Kf2 Be5 22. Rc1 Qh4+ 23. Ke2 Qxh2 24. Kd3 f4 25. Rc8+
Kg7 26. Bd4 Bxd4 27. Kxd4 Qh6 28. Rdc2 Qd6+ 29. Ke4 e6 30. R2c7 Kg6 31. g4 f5+
0-1

[Event "Detroit (MEX/1/3)"]
[Site "?"]
[Date "1996.??.??"]
[Round "?"]
[White "Chehayeb, Sal"]
[Black "Hahn, David"]
[Result "0-1"]
[WhiteElo "2070"]
[BlackElo "2210"]
[PlyCount "56"]
[EventDate "1996.??.??"]

{1/(3)} 1. e4 d6 2. d4 Nf6 3. Nc3 g6 4. f4 Bg7 5. Nf3 c5 6. Bb5+ Bd7 7. Bxd7+
Nbxd7 8. e5 Nh5 9. exd6 O-O 10. dxe7 Qxe7+ 11. Ne2 Rfe8 12. c3 cxd4 13. cxd4
Rad8 14. Kf2 Nc5 15. Re1 Qe4 16. Bd2 Nd3+ 17. Kf1 Nxe1 18. Bxe1 Nxf4 19. Nxf4
Qxf4 20. Bf2 Rc8 21. Qd2 Qf5 22. Rd1 Rc2 23. Qb4 Ree2 24. Bg3 Rxg2 25. Qxb7
Rxb2 26. Qa8+ Bf8 27. Qc6 Rxg3 28. hxg3 Qh3+ 0-1

[Event "Flint (MI Jr/3/14)"]
[Site "?"]
[Date "1996.??.??"]
[Round "?"]
[White "Charette, K."]
[Black "Venia, A."]
[Result "1-0"]
[WhiteElo "1605"]
[BlackElo "1605"]
[PlyCount "135"]
[EventDate "1996.??.??"]

{3/(14)} 1. d4 d5 2. e4 e6 3. e5 c5 4. c3 Nc6 5. Nf3 Qb6 6. Bd3 Bd7 7. Bc2 Nh6
8. b3 Nf5 9. Bxf5 exf5 10. Be3 Be7 11. c4 cxd4 12. Bxd4 Nxd4 13. Qxd4 Qxd4 14.
Nxd4 dxc4 15. bxc4 Bb4+ 16. Ke2 O-O 17. f4 Rac8 18. Kd3 Rfd8 19. Nd2 Bxd2 20.
Kxd2 Rxc4 21. Ke3 b5 22. Rhd1 a6 23. Nxf5 Rc3+ 24. Kf2 g6 25. Ne7+ Kf8 26. Nd5
Rc4 27. Nb6 Rc7 28. Rd6 Ra7 29. Rad1 Ke8 30. Ke3 a5 31. Nxd7 Raxd7 32. Rxd7
Rxd7 33. Rxd7 Kxd7 34. Kd4 Kc6 35. g4 b4 36. Kc4 h6 37. h4 h5 38. gxh5 gxh5 39.
f5 Kb6 40. e6 fxe6 41. fxe6 Kc7 42. Kb5 Kd6 43. Kxa5 Kxe6 44. Kxb4 Kd6 45. a4
Kc6 46. Kc4 Kb6 47. Kd5 Ka5 48. Ke5 Kxa4 49. Kf5 Kb5 50. Kg5 Kc5 51. Kxh5 Kd6
52. Kg6 Ke7 53. Kg7 Ke6 54. h5 Kf5 55. h6 Kg5 56. h7 Kf5 57. h8=Q Ke6 58. Qh5
Kd6 59. Qf5 Ke7 60. Qf6+ Kd7 61. Kg6 Kc7 62. Kf5 Kd7 63. Ke5 Kc7 64. Kd5 Kb7
65. Kc5 Kc7 66. Qe7+ Kb8 67. Kc6 Ka8 68. Qb7# 1-0